000 01819nam0a2200373 i 4500
001 RU\NLR\bibl\2051590
005 20260405190802.0
010 _a9785976507142
_bФлинта
010 _a978-5-02-034736-6
_bНаука
_9100
021 _aRU
_b2013-45959
_93193
035 _a(nilc)RuMoRGB-006590314
035 _a(NLR Aleph) 002038604
090 _a4585056
_c4585056
100 _a20090717d2013 u y0rusy50 ca
101 0 _arus
_ager
102 _aRU
105 _ay zzzz|||||
200 1 _aПеревод профессионально ориентированных текстов на немецком языке
_dÜbersetzen von beruflich orientierten Texten
_eучебник для студентов, обучающихся по специальности "Теория и методика преподавания иностранных языков и культур"
_fЛ. Д. Исакова
_zger
205 _a3-е изд., стер.
210 _aМосква
_cФлинта
_cНаука
_d2013
215 _a95, [1] с.
_cтабл.
_d21
320 _aБиблиогр. в конце кн.
510 1 _6z20790
_aÜbersetzen von beruflich orientierten Texten
_zger
606 1 _aНемецкий язык
_jУчебные издания для высших учебных заведений
_xПеревод
_91693950
_3RU\NLR\auth\66753372
686 _aШ143.24-93рус3-77
700 1 _4070
_8rus
_7ca
_aИсакова
_bЛ. Д.
_gЛидия Дмитриевна
_3RU\NLR\auth\7782888
_965816
790 1 _4070
_8rus
_7ba
_aIsakova
_bL. D.
_gLidija Dmitrievna
_3RU\NLR\auth\7782889
_965817
801 0 _aRU
_bRuMoRKP
_c20090717
_gRCR
801 2 _aRU
_bРГБ
_c20130613
_grcr
801 1 _aRU
_bRuMoRKP
_c20090717
_2rusmarc
801 2 _aRU
_bNLR
_c20130709
_grcr
942 _cBOOK
980 _aNBR